000 00366cam a22001217a 4500
008 180718b1971 xxu||||| |||| 00| 0 eng d
082 _aK782x54 In2/1
245 _aVigilance manual
_cby Central Vigilance Commission
250 _a2nd ed.
260 _aNew Delhi
_bCentral Vigilance Commission
_c1971
300 _a188+p.
700 _aIndia. Central Vigilance Commission
999 _c491024
_d491024